100 deutsche Städte nach Hinweis - Statistiken

Allgemein
  • Dieses Quiz wurde 104 mal gespielt
  • Das Durchschnittsergebnis liegt bei 58 aus 100
Antwortstatistiken
Hinweis Stadt % Korrekt
1 Diese Stadt hieß zu DDR-Zeiten Karl-Marx-Stadt Chemnitz
93%
3 In dieser Landeshauptstadt befinden sich die Filmstudios Babelsberg Potsdam
88%
13 Diese Stadt war zwischen 1949 und 1990 Hauptstadt Westdeutschlands Bonn
83%
17 Hier musizieren Esel, Hund, Katze und Hahn Bremen
82%
2 Ruhrpottstadt, die mit DAB, Union, Hansa, Kronen und co einst größter Bierproduzent Europas war Dortmund
80%
50 Nördlichste Stadt Deutschlands mit Verkehrssünderkartei Flensburg
80%
22 Nahe der Elbemündung befindet sich hier Deutschlands größter Hafen Hamburg
80%
34 Hier befindet sich die EZB und Deutschlands größter Flughafen Frankfurt am Main
79%
54 Dieser Ruhrgebietsstadt widmete Herbert Grönemeyer ein Album mit bekannter Hymne für die Stadt Bochum
78%
15 In dieser Großstadt in Sachsen begannen 1989 die Montagsdemonstrationen, welche gegen die DDR-Regierung gerichtet waren Leipzig
78%
58 Diese Stadt ist für ihre Puppenkiste und die Familie Fugger bekannt Augsburg
77%
60 Diese Stadt am Neckar hat Deutschlands älteste durchgehend bestehende Universität Heidelberg
77%
39 Hier befindet sich die Zeche Zollverein, größte Zeche Deutschlands Essen
76%
38 Diese Hansestadt in Holstein ist für ihren Marzipan bekannt Lübeck
76%
7 Diese Leineweberstadt in Westfalen gibt es wirklich (Ich war sogar schon mal da) Bielefeld
74%
36 Hier befindet sich an der Ruhrmündung der größte Binnenhafen Europas Duisburg
74%
12 In dieser Donaustadt befindet sich die höchste Kirche der Welt Ulm
74%
70 Nach dieser Stadt in Thüringen ist die Deutsche Republik von 1918-1933 benannt Weimar
73%
37 Die Fußballmannschaft dieser Stadt in Norddeutschland wird auch "Die Störche" genannt Kiel
72%
40 In dieser Stadt am Bodensee fand im Mittelalter ein bedeutendes Konzil statt, welches das Abendländische Schisma beendete Konstanz
72%
95 Diese Stadt wird durch das VW-Hauptwerk auch als Autostadt bezeichnet Wolfsburg
72%
53 Diese Landeshauptstadt an der Elbe ist auch als Otto-Stadt bekannt Magdeburg
71%
42 In dieser sächsischen Stadt wurde zum ersten Mal in Europa Porzellan hergestellt Meissen
71%
79 Einzige Stadt in Mecklenburg-Vorpommern, dessen Verein in der Bundesliga spielen konnte Rostock
71%
52 Diese Stadt an einem großen See in Mecklenburg hat ein Schloß, was auch Neuschwanstein des Nordens genannt wird Schwerin
70%
90 Diese Stadt an der Havel gab dem Bundesland, in dem sie sich befindet, seinen Namen Brandenburg an der Havel
68%
19 Östlichste Stadt Deutschlands und beliebte Filmkulisse Görlitz
68%
28 In dieser nordhessischen Stadt befindet sich der Bergpark Wilhelmshöhe mit Herkulesstatue Kassel
68%
31 Westliche Landeshauptstadt mit Ludwigspark und Deutsch-Französischem Garten Saarbrücken
68%
59 In dieser schwäbischen Stadt findet jedes Jahr die Cannstatter Wasen statt Stuttgart
68%
77 Diese Stadt war in der Römerzeit zeitweise Kaiserresidenz mit römischen Bauten wie dem Porta Nigra und der Konstantinsbasilika Trier
68%
46 In dieser Stadt mündet die Mosel in den Rhein Koblenz
67%
99 Nach dieser Stadt in Niedersachsen ist Deutschlands größte Heidelandschaft benannt Lüneburg
67%
24 Im Dom dieser Stadt wurden früher die Deutschen Könige gekrönt Aachen
66%
85 In dieser Stadt am Rhein befindet sich die "längste Theke der Welt", an der vor allen Dingen Altbier getrunken wird Düsseldorf
66%
20 Universitätsstadt in Südbaden, welche von künstlichen schmalen Bächlen durchflossen wird Freiburg im Breisgau
66%
44 Die Bewohner dieser bayrischen Donaustadt werden Schanzer genannt Ingolstadt
66%
10 Hier finden jährlich die Richard-Wagner-Festspiele statt Bayreuth
65%
23 In dieser Großstadt in Sachsen-Anhalt befindet sich die Himmelsscheibe von Nebra Halle (Saale)
63%
25 In dieser Stadt in Thüringen starben 1184 mehrere hohe Adlige in einem als Latrinensturz bekannten Ereignis Erfurt
62%
92 In dieser Stadt an der Grenze zu Österreich mündet die Inn und die Ilz in die Donau Passau
62%
27 Der Bürgermeister dieser schwäbischen Universitätsstadt ist der streitbare Boris Palmer Tübingen
62%
35 In dieser Stadt in Niedersachsen steht ein bronzener Löwe vor dem Dom und der Burg Dankwarderode Braunschweig
61%
67 Stadt an der Wesermündung mit Deutschem Auswandererhaus, Schifffahrtsmuseum und Klimahaus Bremerhaven
61%
33 In dieser Stadt in der brandenburgischen Lausitz befindet sich das Stadion der Freundschaft Cottbus
61%
43 Über dieser Stadt in Thüringen thront die Wartburg Eisenach
61%
64 Heimat englischer Könige des 18. Jahrhunderts sowie von den Scorpions und Gerhard Schröder Hannover
61%
41 Diese Stadt an der Neckarmündung ist auch als Quadratstadt bekannt Mannheim
61%
30 Der Fußballverein dieser Stadt in der Ostalb konnte 2023 in die Bundesliga aufsteigen Heidenheim
60%
16 Diese Stadt im Bergischem Land ist auch als Klingenstadt bekannt Solingen
60%
47 Diese Hansestadt liegt auf dem Festland gegenüber von Rügen Stralsund
60%
65 Die Bewohner dieser Stadt werden teilweise auch Pfannkuchen oder Krapfen genannt Berlin
59%
26 In dieser oberpfälzischen Domstadt an der Donau scheint tatsächlich manchmal auch die Sonne Regensburg
59%
88 In dieser Stadt soll 1517 Martin Luther 95 Thesen an die Schlosskirche genagelt haben Wittenberg
59%
97 Nach dieser Stadt in Südhessen ist ein chemisches Element benannt Darmstadt
57%
86 In dieser Stadt spielen die Roten Teufel auf dem Betzenberg Kaiserslautern
57%
18 Heimat des Elisenlebkuchens und der Drei im Weckle Nürnberg
57%
100 In dieser Ruhrgebietsstadt befindet sich Deutschlands größtes Einkaufszentrum und Gasometer Oberhausen
57%
66 Diese Barockstadt heißt wie ein Fluss, der sich mit der Werra zur Weser vereinigt Fulda
56%
98 In dieser Stadt gewann in den 70ern die Fohlenelf mehrere Meisterschaften auf dem Bökelberg Mönchengladbach
56%
9 Bierstadt in Franken, bekannt für sein Rauchbier Bamberg
55%
74 In dieser Stadt am Rhein steht das Hauptwerk von BASF und das Geburtshaus Helmut Kohls Ludwigshafen am Rhein
55%
32 Diese Domstadt an der Lahn heißt wie eine Provinz der Niederlande Limburg (Lahn)
54%
96 Universitätsstadt im Süden von Niedersachsen, in der u.a. Gauß und die Gebrüder Grimm wirkten Göttingen
52%
49 Diese Fächerstadt ist um das Schloss des Herzogs von Baden herum geplant Karlsruhe
52%
68 Großstadt in Mainfranken mit Festung Marienberg und berühmter Bischofsresidenz Würzburg
52%
76 In dieser bayrischen Stadt am Main nahe Hessen befindet sich das Schloss Johannisburg, ehemalige Residenz der Bischöfe von Mainz Aschaffenburg
51%
11 In dieser Stadt am Rhein wurde der Buchdruck mit beweglichen Lettern erfunden Mainz
51%
14 In dieser Stadt in Niedersachsen wurde ein Teil des Westfälischen Friedens beschlossen Osnabrück
51%
6 Diese Stadt wurde 1929 aus den Städten Barmen und Elberfeld zusammengelegt Wuppertal
51%
21 Im Englischen ist der Name dieser Stadt auch die Bezeichnung für Parfüm Köln
50%
93 Vorpommersche Stadt an der Ostsee mit Universität, die bis 2018 nach Ernst Moritz Arndt benannt war Greifswald
49%
57 In dieser Stadt mündet die Ems in den Dollart Emden
46%
75 Universitätsstadt an der Lahn, nach der der Berufsverband deutscher Ärzte benannt ist Marburg
46%
78 Diese Stadt in Niedersachsen an der Hunte war lange Zeit Residenzstadt eines gleichnamigen (Groß-)Herzogtums Oldenburg (Oldb)
46%
45 In dieser Stadt am Rhein befindet sich die größte romanische Kirche der Welt, in der mehrere Kaiser begraben liegen Speyer
46%
8 Hier befindet sich am Jadebusen der JadeWeserPort Wilhelmshaven
46%
4 Am frühromanischen Dom dieser Stadt in Niedersachsen wächst ein tausendjähriger Rosenstock Hildesheim
44%
81 Stadt im Allgäu mit ehemaliger Fürstabtei, in der der letzte Hexenprozess Deutschlands stattfand Kempten (Allgäu)
44%
91 Fränkische Kleinstadt, welche durch ihre mittelalterliche Altstadt mit Plönlein bei Touristen weltweit bekannt ist Rothenburg ob der Tauber
44%
89 Kasino- und nassauische Residenzstadt an der Mainmündung Wiesbaden
44%
82 Domstadt in Ostwestfalen, in der jährlich das Liborifest gefeiert wird Paderborn
43%
94 In dieser Stadt erfand Graf Zeppelin das nach ihm benannte Starrluftschiff Friedrichshafen
40%
29 Der Handballverein dieser lippischen Stadt wurde 1997 und 2003 Deutscher Meister Lemgo
40%
48 Diese Stadt in niedersächsischen Harz hatte mit dem Rammelsberg eine historisch bedeutende Kupfer- und SIlbermine Goslar
39%
87 Stadt im sächsischem Vogtland, bekannt für ihre gestickte Spitzen Plauen
39%
63 In dieser Stadt in Westsachsen gründete August Horch Audi Zwickau
39%
73 In diese Ruhrpott-Stadt wurde 1975 Wanne-Eickel eingemeindet Herne
38%
84 In dieser Stadt am Rhein am musste sich Martin Luther auf einem Reichstag verteidigen Worms
38%
55 Stadt in Sachsen-Anhalt im Vorharz mit historischer Altstadt und Schloßberg, auf dem sich ein historisch bedeutendes Kloster befindet Quedlinburg
35%
83 Stadt am nördlichen Schwarzwaldrand, die durch ihre Schmuckproduktion auch als Goldstadt bekannt ist Pforzheim
34%
69 In dieser Stadt an der Ruhr befindet sich die Zentrale von Aldi Süd Mülheim (Ruhr)
30%
56 Fachwerkstadt in Niedersachsen, in der der Verfassungsschutz in einer False-Flag-Attacke ein Loch in eine Gefängnismauer sprengte Celle
29%
71 In dieser Stadt an der Lippe steht ein großer gläserner Elefant im Maximilianspark Hamm (Westf)
28%
51 In dieser sauerländischen Stadt an der Ruhr befindet sich der Wohnsitz von Friedrich Merz Arnsberg
27%
62 Durch diese Stadt fließen die Flüsse Ruhr, Lenne, Ennepe und Volme Hagen
27%
72 In dieser bayrischen Stadt wird alle vier Jahre groß die mittelalterliche Hochzeit von Herzog Georg mit der polnischen Prinzessin Hedwig gefeiert Landshut
27%
80 In dieser Domstadt im sachsen-anhaltischem Vorharz wird bis 2640 ein Musikstück von John Cage aufgeführt Halberstadt
22%
61 In dieser ehemaligen Reichsstadt an der Lahn spielt die Handlung von "Die Leiden des jungen Werther" Wetzlar
22%
5 Bei dieser Stadt besiegte Napoleon Preußen, weshalb der dort lehrende Philosoph Hegel ihn als "Weltseele zu Pferde" bezeichnete Jena
18%
Keine übereinstimmenden Quizze gefunden
Verteilung der Resultate
Anzahl Personen mit jedem Resultat
Perzentil nach korrekt beantworteten Fragen
Ihre Resultats-Entwicklung
Sie haben dieses Quiz noch nicht gespielt